000 00496nam a22001932 4500
001 0000003285
005 20170406114910.0
008 140605s xx 000 0 eng d
020 _c$
040 _aYour Holding Symbol
_cYour Holding Symbol
100 1 _aCroix de la Horst.
245 1 0 _aArt throug the ages.
250 _a6th ed.
260 _aNew york :
_bHarcourt,
_c1957.
300 _a959 p. :
_bill ;
_c cm.
504 _aindex.
650 0 _aart.
908 _a140605
999 _c3164
_d3164